Affordable housing in London (Record no. 108798)

MARC details
000 -LEADER
fixed length control field 01421cad a22002535a 4500
001 - CONTROL NUMBER
control field L145446
008 - FIXED-LENGTH DATA ELEMENTS--GENERAL INFORMATION
fixed length control field 081010s2008 xxkdo f s f000 0 eng d
035 ## - SYSTEM CONTROL NUMBER
System control number (Sirsi) u145446
041 0# - LANGUAGE CODE
Language code of text/sound track or separate title eng
050 04 - LIBRARY OF CONGRESS CALL NUMBER
Classification number 306.1 $2 18
110 2# - MAIN ENTRY--CORPORATE NAME
Corporate name or jurisdiction name as entry element United Kingdom
Subordinate unit Housing Corporation
9 (RLIN) 5568
245 00 - TITLE STATEMENT
Title Affordable housing in London
Medium [electronic resource]
260 ## - PUBLICATION, DISTRIBUTION, ETC.
Place of publication, distribution, etc. London
Name of publisher, distributor, etc. Housing Corporation
Date of publication, distribution, etc. 2008
490 #0 - SERIES STATEMENT
Series statement Planning for the Future
505 2# - FORMATTED CONTENTS NOTE
Formatted contents note Affordable housing in London -- The demand for social housing -- Overcrowding -- The economic profile of social housing tenants -- The aspirations of social housing tenants -- Conclusion -- Sources of information
520 ## - SUMMARY, ETC.
Summary, etc. Research paper (sixth in a series of eight), looks at affordable housing in London, particularly the supply and demand of and for socially rented housing and explores the status of people living in this type of tenure. The authors also address social trends, including the long term aspirations of those living in the socially rented sector.
521 ## - TARGET AUDIENCE NOTE
Target audience note Advanced
590 ## - LOCAL NOTE (RLIN)
Local note KA
651 #4 - SUBJECT ADDED ENTRY--GEOGRAPHIC NAME
Geographic name England and Wales
Chronological subdivision 1543-
690 ## - LOCAL SUBJECT ADDED ENTRY--TOPICAL TERM (OCLC, RLIN)
Topical term or geographic name as entry element Residential property
9 (RLIN) 6266
710 1# - ADDED ENTRY--CORPORATE NAME
Corporate name or jurisdiction name as entry element Chartered Institute of Housing
9 (RLIN) 2394
856 40 - ELECTRONIC LOCATION AND ACCESS
Uniform Resource Identifier <a href="https://collections.europarchive.org/tna/20081114143557/http://www.housingcorp.gov.uk/upload/pdf/Affordable_housing_in_London.pdf">https://collections.europarchive.org/tna/20081114143557/http://www.housingcorp.gov.uk/upload/pdf/Affordable_housing_in_London.pdf</a>
Public note View the item free of charge online at www.housingcorp.gov.uk
942 ## - ADDED ENTRY ELEMENTS (KOHA)
Suppress in OPAC 0
Holdings
Withdrawn status Lost status Source of classification or shelving scheme Damaged status Not for loan Home library Current library Shelving location Date acquired Total Checkouts Full call number Barcode Date last seen Copy number Price effective from Koha item type
    Dewey Decimal Classification     Virtual Virtual Online 10/10/2008   ONLINE PUBLICATION 145446-1001 06/08/2019 1 06/08/2019 Book